| Поле | Название | Значение |
| |
Тип записи |
i |
| |
Библиографический уровень |
m |
| 001 |
Контрольный номер |
RU/IS/BASE/412093145 |
| 005 |
Дата корректировки |
20260602141241.2 |
| 010 |
Индекс ISBN |
__ |
| d |
Цена |
494-42 |
| 101 |
Язык документа |
1_ |
| a |
Язык текста |
rus |
| c |
Язык оригинала |
fre |
| 200 |
Заглавие и сведения об ответственности |
1_ |
| a |
Заглавие |
Просто вместе |
| e |
Сведения, относящиеся к заглавию |
[роман : аудиокнига] |
| f |
Первые сведения об ответственности |
Анна Гавальда ; [читает Надежда Пахмутова ; пер. Елена Клюкова] |
| b |
Общее обозначение материала |
Звукозапись |
| 210 |
Выходные данные |
1_ |
| a |
Место издания |
М. |
| c |
Издательство |
Аудиокнига |
| d |
Дата издания |
2011 |
| 215 |
Физическое описание |
__ |
| a |
Объем |
2 электрон. опт. диска (Audio CD) (14 ч. 30 мин.) |
| 225 |
Серия |
2_ |
| a |
Серия |
Бестселлер |
| 300 |
Общие примечания |
__ |
| a |
Общие примечания |
MP3 ; 128 kbps ; CD-плеер с поддержкой MP3 или Pentium-233 ; Windows 9x-XP ; CD-ROM ; звуковая карта |
| 323 |
Примечание о главных создателях, исполнителях, участниках |
__ |
| a |
Примечание о главных создателях, исполнителях, участниках |
Пахмутова, Н. (читает) |
| 330 |
Аннотация |
__ |
| a |
Аннотация |
Анна Гавальда - одна из самых читаемых авторов мира. Ее называют «звездой французской словесности», «новой Франсуазой Саган», «нежным Уэльбеком», «литературным феноменом» и «главной французской сенсацией». Ее книги, покорившие миллионы читателей, переводятся на десятки языков, отмечены целым созвездием премий. Роман «Просто вместе» - это мудрая и светлая книга о любви и одиночестве, о жизни, о счастье. |
| 333 |
Примечание о целевом назначении |
__ |
| a |
Примечание о целевом назначении |
16+. Для детей старше 16 лет |
| 606 |
Тематические рубрики |
__ |
| a |
Основная рубрика |
Художественная литература |
| 606 |
Тематические рубрики |
__ |
| a |
Основная рубрика |
Литература Европы (произведения) |
| 610 |
Ключевые слова |
0_ |
| a |
Ключевые слова |
зарубежная литература; французская литература; романы; женские романы; женская проза; иностранная литература; тема любви; тема жизни; бестселлеры; тема одиночества; тема счастья |
| 686 |
Индексы других классификаций |
__ |
| a |
Классификационный индекс |
84(4Фра)6-4я04; ст84(4Фра)-4я0 |
| 700 |
Автор |
_1 |
| a |
Фамилия |
Гавальда |
| b |
Имя |
А. |
| g |
Полное личное имя |
Анна |
| 4 |
Код отношения |
070 |
| 702 |
Вторичная интеллектуальная ответственность |
_1 |
| a |
Фамилия |
Клюкова |
| b |
Имя |
Е. |
| 4 |
Код отношения |
Переводчик |
| 4 |
Код отношения |
730 |
| 801 |
Источник записи |
_0 |
| a |
Страна |
RU |
| b |
Организация |
Муниципальное бюджетное учреждение культуры "Централизованная библиотечная система" г. Сургут (Центральная городская библиотека им. А. С. Пушкина) |
| g |
Правила каталогизации |
КиК/Котельникова |
| 801 |
Источник записи |
_1 |
| a |
Страна |
RU |
| b |
Организация |
Муниципальное бюджетное учреждение культуры "Централизованная библиотечная система" г. Сургут (Центральная городская библиотека им. А. С. Пушкина) |
| g |
Правила каталогизации |
КиК/Котельникова |
| 852 |
Данные о местонахождении |
__ |
| j |
Шифр хранения |
84(4Фра)6-4я04 |
| i |
Авторский знак |
Г 12 |
| 901 |
Тип документа |
__ |
| t |
Тип документа |
0 |
| 903 |
Характеристики (МАРС) |
__ |
| a |
Дата передачи |
20130121 |
| 969 |
Тип издания |
__ |
| a |
Тип издания |
аудиокнига; издание для слепых |
| 990 |
Данные о заказе (DOS) |
__ |
| j |
Количество экземпляров (DOS) |
6 |
| h |
N записи в КСУ для Б/У (DOS) |
201302 |
| 996 |
Контроль за деятельностью лиц, находящихся под иностранным влиянием |
__ |
| b |
Текстовое указание |
Содержит информацию о наркотических или психотропных веществах, употребление которых опасно для здоровья. Их незаконный оборот влечет уголовную ответственность (18+) |